| 000 | 01728cab a2200277 4500 | ||
|---|---|---|---|
| 001 | ABS47268 | ||
| 008 | 090401t1992 xxu||||| |||| 00| 0 eng d | ||
| 035 | _a(Sirsi) u61313 | ||
| 041 | _aeng | ||
| 245 | _aCollin Estates Ltd v Buckley | ||
| 260 | _c1992 | ||
| 350 | _a0 | ||
| 490 |
_aEstates Gazette _v(1992) 40 EG 151-152(2) |
||
| 520 | _aCA 24 July 1992. By a lease dated 1 July 1986 the landlords, C, granted a company, J, a three year lease on premises. B was the principal director of this company and was under clause 7 of the lease the surety for J`s obligations. At the end of the lease J applied for a new tenancy under Landlord and Tenant Act 1954 however in March 1990 J gave notice of discontinuance of its application and the tenancy came to an end three months later. C commenced proceedings for interim rent to cover the period from the end of the tenancy, June 1989 to June 1990 when the statutory tenancy came to an end. Those proceedings were compromised on 4 February 1991 by a consent order under which C`s claim was to be discontinued on the basis that J paid £10,000 in four installments. J went into liquidation in March 1991. C were therefore now suing B for the money. However B contended that a number of disputes were involved and that the order was made without admission of liability by J and it created a who | ||
| 650 | _aBUSINESS TENANCIES | ||
| 650 | _aCONSENT ORDER | ||
| 650 | _aGUARANTORS | ||
| 650 | _aINTERIM RENT | ||
| 650 | _aLANDLORD AND TENANT ACT 1954 | ||
| 650 | _aLAW OF PROPERTY ACT 1925 S146 | ||
| 650 | _aLIABILITY OF SURETY | ||
| 650 | _aSTATUTORY TENANCY | ||
| 690 | _aLANDLORD AND TENANT-CASE LAW-BUSINESS TENANCIES | ||
| 942 | _n0 | ||
| 948 | _c04/03/1997 | ||
| 999 |
_c37957 _d37957 |
||